KOHA-Header-6

Numerical Methods for Engineers (Record no. 13947)

000 -LEADER
fixed length control field 00271nam a22001097a 4500
100 ## - MAIN ENTRY--AUTHOR NAME
Personal name Steven C. Chapra ; Raymond P. Canale
245 ## - TITLE STATEMENT
Title Numerical Methods for Engineers
250 ## - EDITION STATEMENT
Edition statement Seventh Edition
260 ## - PUBLICATION, DISTRIBUTION, ETC. (IMPRINT)
Place of publication New York
Name of publisher McGraw Hill
Year of publication 2015
300 ## - PHYSICAL DESCRIPTION
Number of Pages 970
942 ## - ADDED ENTRY ELEMENTS (KOHA)
Koha item type Books
Holdings
Withdrawn status Lost status Collection code Permanent Location Current Location Shelving location Date acquired Accession Number Koha item type
    Mathematics MAJU MAJU Shelf No.A26 2024-08-29 11043 Books

Powered by Koha